000 00345nam a2200133Ia 4500
008 210210b1984 xxu||||| |||| 00| 0 eng d
082 _a823.912 LAWC
100 _aLAWRENCE (D H).
245 _aCollected short stories of D H Lawrence.
260 _aN D
_bRupa Paperback
_c1984
300 _avi,800
690 _aEnglish Fiction
906 _a039873
999 _c90143
_d90143